000 00310nam a2200133Ia 4500
005 20251222155202.0
008 251222s9999||||xx |||||||||||||| ||spa||
082 _aLEN. 22
100 _aSALESMAN E.
245 0 _aSecretos para Triunfar en la Vida
250 _a1ra. ed.
264 _bSalesiana
942 _cLIB
999 _c39963
_d39963